|
|
|
|
| LEADER |
00776nab a2200241 i 4500 |
| 001 |
publ31298 |
| 005 |
20241205143716.0 |
| 008 |
241205s2000 hu o 000 hun d |
| 022 |
|
|
|a 1587-8864
|
| 024 |
7 |
|
|a 1852333
|2 mtmt
|
| 040 |
|
|
|a SZTE Publicatio Repozitórium
|b hun
|
| 041 |
|
|
|a hun
|
| 100 |
1 |
|
|a Tajti János
|
| 245 |
1 |
0 |
|a Neuropeptidek jelenléte az agytörzsi „migrén generátorokban”
|h [elektronikus dokumentum] /
|c Tajti János
|
| 260 |
|
|
|c 2000
|
| 300 |
|
|
|a 2
|
| 300 |
|
|
|a 15-16
|
| 490 |
0 |
|
|a CEPHALALGIA HUNGARICA
|v 4 No. 7
|
| 650 |
|
4 |
|a Általános orvostudomány
|
| 700 |
0 |
1 |
|a Vécsei László
|e aut
|
| 700 |
0 |
1 |
|a Uddman Rolf
|e aut
|
| 700 |
0 |
1 |
|a Edvinsson Lars
|e aut
|
| 856 |
4 |
0 |
|u http://publicatio.bibl.u-szeged.hu/31298/1/aok_klny_552_2000.pdf
|z Dokumentum-elérés
|